logo

Bir Sreshtho Munshi Abdur Rouf Library
Jhenaidah Cadet College

বিজ্ঞানী মেঘনাদ সাহার জীবন ও দর্শন / (Record no. 11331)

MARC details
000 -LEADER
fixed length control field 00829nam a2200241 a 4500
001 - CONTROL NUMBER
JCCL Control Number 11331
003 - CONTROL NUMBER IDENTIFIER
JCCL marc code BD-JhCC
005 - DATE AND TIME OF LATEST TRANSACTION
control field 20190827124823.0
008 - FIXED-LENGTH DATA ELEMENTS--GENERAL INFORMATION
fixed length control field 190626s 2011bg a|||| ||a| 001 0 ben d
020 ## - INTERNATIONAL STANDARD BOOK NUMBER
International Standard Book Number 9789848857236
035 ## - SYSTEM CONTROL NUMBER
system control number (BD-JhCC)11331
040 ## - CATALOGING SOURCE
Original cataloging agency BD-JhCC
Modifying agency BD-JhCC
041 ## - LANGUAGE CODE
Language code of Book ben
082 ## - DEWEY DECIMAL CLASSIFICATION NUMBER
Author mark and Year BIG 2011
Classification number 925
245 ## - TITLE STATEMENT
Title বিজ্ঞানী মেঘনাদ সাহার জীবন ও দর্শন /
Statement of responsibility, etc সম্পাদনা: রথীন্দ্রনাথ সাহা ।
260 ## - PUBLICATION, DISTRIBUTION, ETC. (IMPRINT)
Place of publication, distribution, etc ঢাকা:
Name of publisher, distributor, etc মুক্তধারা;
Date of publication, distribution, etc ২০১১.
300 ## - PHYSICAL DESCRIPTION
Pagination ১২৭ পৃ. :
Other physical details ill;
Dimensions ২২ সেমি.
600 ## - SUBJECT ADDED ENTRY--PERSONAL NAME
Personal name Saha, Meghanath
650 ## - SUBJECT ADDED ENTRY--TOPICAL TERM
Topical term or geographic name as entry element Scientist
700 ## - ADDED ENTRY--PERSONAL NAME
Personal name সাহা, রথীন্দ্রনাথ
942 ## - ADDED ENTRY ELEMENTS (KOHA)
Source of classification or shelving scheme Dewey Decimal Classification
Koha item type Books
Holdings
Source of classification or shelving scheme Damaged status Not for loan Home library Current library Shelving location Date of accession Cost, normal purchase price Total Checkouts Full call number Barcode Date last seen Copy number Koha item type
Dewey Decimal Classification     JCC Rouf Library JCC Rouf Library General Stacks 06/26/2019 114.00   925 BIG 2011 15401 08/26/2019 C-1 Books

JCC Library | Contacts | JCC Home

Last Update on 23 September 2017
Copyright @ 2017-2020 JCC Rouf Library
Rouf Library, Jhenidah Cadet College (JCC), Bangladesh